000 02261nam a22003377a 4500
005 20080918163843.0
008 080918t xxu||||| |||| 00| 0 hin d
010 _aHIN-92805-06
020 _c500.00
035 _aHN-65151-52
037 _bDBAD / PUB
040 _aDPL
_bHN
082 _a306.095403
100 _9747
245 _aभारतायनः
_cप्रज्ञा भारती एवं वासुदेव पोद्दार द्वारा संपादित
_bभारतीय संस्कृति विचार कोश /
260 _aकोलकाता
_bरायबहादुर विश्वेश्वरलाल मोतीलाल हलवासिया ट्रस्ट
_c2008
270 _a15, महाराणा प्रताप सरणी (इण्डिया एस्सचेंज प्लेस)
_bकोलकाता
_e700001
_k22301520
300 _a2भाग (506-1023पृ.)
_c25सेमी (सजिल्द)
_bरंगीन फोटो
490 _aकीर्त्तिशेष पुरूषोत्तमदास हलवासिया एवं श्यामसुन्दर हलवासियाः स्मृति-ग्रन्थ
_929188
500 _a2 भागों में प्रकाशित
650 _9697
650 _9698
700 _927881
_aपोद्दार, वासुदेव
700 _927882
700 _927883
942 _2ddc
_cHN
_mभारता
_h306.095403
999 _c52680
_d52680